Financial stability report (Record no. 79424)

MARC details
000 -LEADER
fixed length control field 01235cai a2200241 4500
001 - CONTROL NUMBER
control field L141146
008 - FIXED-LENGTH DATA ELEMENTS--GENERAL INFORMATION
fixed length control field 060720e20071025xxkad f s 000 0 eng d
035 ## - SYSTEM CONTROL NUMBER
System control number (Sirsi) u141146
041 0# - LANGUAGE CODE
Language code of text/sound track or separate title eng
050 04 - LIBRARY OF CONGRESS CALL NUMBER
Classification number 332.6324 $2 18
110 2# - MAIN ENTRY--CORPORATE NAME
Corporate name or jurisdiction name as entry element Bank of England
9 (RLIN) 2779
245 00 - TITLE STATEMENT
Title Financial stability report
Remainder of title issue 22
Medium [electronic resource]
260 ## - PUBLICATION, DISTRIBUTION, ETC.
Date of publication, distribution, etc. 2007
490 #0 - SERIES STATEMENT
Series statement Bank of England Financial Stability Report
Volume/sequential designation (22) 25 October 2007
505 2# - FORMATTED CONTENTS NOTE
Formatted contents note Foreword -- Overview -- Shocks to the financial system -- Structure of the financial system -- Prospects for the UK financial system -- Mitigating risks to the UK financial system
520 ## - SUMMARY, ETC.
Summary, etc. Discusses the turmoil in the international financial system, Summer 2007. Considers causes, how the banks were affected and draws lessons. Concludes the UK commercial property markets are still vulnerable in the short-term. Graphs and tables.
590 ## - LOCAL NOTE (RLIN)
Local note ka
650 24 - SUBJECT ADDED ENTRY--TOPICAL TERM
Topical term or geographic name entry element BANK OF ENGLAND FINANCIAL STABILITY REPORT
651 #4 - SUBJECT ADDED ENTRY--GEOGRAPHIC NAME
Geographic name United Kingdom
Chronological subdivision
690 ## - LOCAL SUBJECT ADDED ENTRY--TOPICAL TERM (OCLC, RLIN)
Topical term or geographic name as entry element PROPERTY-COMMERCIAL PROPERTY-COMMERCIAL PROPERTY FINANCE AND INVESTMENT
856 40 - ELECTRONIC LOCATION AND ACCESS
Uniform Resource Identifier <a href="https://www.bankofengland.co.uk/publications/fsr/index.htm">https://www.bankofengland.co.uk/publications/fsr/index.htm</a>
Public note View the item free of charge at www.bankofengland.co.uk...
942 ## - ADDED ENTRY ELEMENTS (KOHA)
Suppress in OPAC 0
Holdings
Withdrawn status Lost status Source of classification or shelving scheme Damaged status Not for loan Home library Current library Shelving location Date acquired Total Checkouts Full call number Barcode Date last seen Date last checked out Copy number Price effective from Koha item type
    Dewey Decimal Classification     Virtual Virtual Online 30/10/2007 2 ONLINE PUBLICATION 141146-2001 06/08/2019 09/12/2008 1 06/08/2019 Book